<?xml version="1.0" encoding="UTF-8"?>
<record
    xmlns:xsi="http://www.w3.org/2001/XMLSchema-instance"
    xsi:schemaLocation="http://www.loc.gov/MARC21/slim http://www.loc.gov/standards/marcxml/schema/MARC21slim.xsd"
    xmlns="http://www.loc.gov/MARC21/slim">

  <leader>00535nam a22001697a 4500</leader>
  <controlfield tag="003">0</controlfield>
  <controlfield tag="005">20220818101414.0</controlfield>
  <controlfield tag="008">220818b        xxu||||| |||| 00| 0 eng d</controlfield>
  <datafield tag="020" ind1=" " ind2=" ">
    <subfield code="a">978-1-108-93382-7</subfield>
  </datafield>
  <datafield tag="050" ind1=" " ind2=" ">
    <subfield code="a">BD161</subfield>
    <subfield code="b">.H43 2021</subfield>
  </datafield>
  <datafield tag="245" ind1=" " ind2=" ">
    <subfield code="a">Decoding theory of knowledge for the IB diploma : skills book</subfield>
    <subfield code="c">Wendy Heydon; Susan Jesudason</subfield>
  </datafield>
  <datafield tag="250" ind1=" " ind2=" ">
    <subfield code="a">2nd ed.</subfield>
  </datafield>
  <datafield tag="260" ind1=" " ind2=" ">
    <subfield code="a">United Kindon</subfield>
    <subfield code="b">Cambridge University Press</subfield>
    <subfield code="c">C2021</subfield>
  </datafield>
  <datafield tag="300" ind1=" " ind2=" ">
    <subfield code="a">viii,258p</subfield>
    <subfield code="c">28cm.</subfield>
    <subfield code="e">Includes index.</subfield>
    <subfield code="f">Book</subfield>
  </datafield>
  <datafield tag="500" ind1=" " ind2=" ">
    <subfield code="a">Theory of knowledge.</subfield>
  </datafield>
  <datafield tag="942" ind1=" " ind2=" ">
    <subfield code="2">lcc</subfield>
    <subfield code="c">BK</subfield>
  </datafield>
  <datafield tag="999" ind1=" " ind2=" ">
    <subfield code="c">364797</subfield>
    <subfield code="d">364797</subfield>
  </datafield>
  <datafield tag="952" ind1=" " ind2=" ">
    <subfield code="0">0</subfield>
    <subfield code="1">0</subfield>
    <subfield code="2">lcc</subfield>
    <subfield code="4">0</subfield>
    <subfield code="a">IB</subfield>
    <subfield code="b">IB</subfield>
    <subfield code="c">HS</subfield>
    <subfield code="d">2022-08-18</subfield>
    <subfield code="e">Library Fund</subfield>
    <subfield code="l">4</subfield>
    <subfield code="o">BD161 .H43 2021</subfield>
    <subfield code="p">IB0304</subfield>
    <subfield code="r">2024-07-18 00:00:00</subfield>
    <subfield code="s">2024-01-04</subfield>
    <subfield code="w">2022-08-18</subfield>
    <subfield code="y">BK</subfield>
  </datafield>
</record>
